LEADER 03360nam 2200565 450 001 9910465489203321 005 20200520144314.0 010 $a0-87003-313-1 035 $a(CKB)3710000000685060 035 $a(EBL)4508930 035 $a(SSID)ssj0001673357 035 $a(MiAaPQ)EBC4588097 035 $a(OCoLC)950613279 035 $a(MdBmJHUP)muse55399 035 $a(Au-PeEL)EBL4588097 035 $a(CaPaEBR)ebr11242236 035 $a(CaONFJC)MIL920275 035 $a(OCoLC)952246493 035 $a(EXLCZ)993710000000685060 100 $a20160824h20162016 uy 0 101 0 $aeng 135 $aurcnu|||||||| 181 $ctxt$2rdacontent 182 $cc$2rdamedia 183 $acr$2rdacarrier 200 10$aFault lines in a rising Asia /$fChung Min Lee 210 1$aWashington, District of Columbia :$cCarnegie Endowment for International Peace,$d2016. 210 4$dİ2016 215 $a1 online resource (457 p.) 300 $aDescription based upon print version of record. 300 $aDescription based on print version record. 311 $a0-87003-311-5 320 $aIncludes bibliographical references and index. 327 $aThe other side of Asia's rise -- The predicaments of strong states and Asia's political deficits -- Titans and the quest for supremacy -- Projecting power and a virtual arms race -- Asia and the making of the second nuclear age -- The bomb next door : a nuclearized North Korea. 330 $aAsia has already risen by most hard-power measures. But without an understanding of the downsides of Asia's rise, the conventional narrative is incomplete, misleading, and inaccurate. Chung Min Lee explores the fundamental dichotomy that defines contemporary Asia. While the region has been an unparalleled economic success, it is also home to some of the world's most dangerous, diverse, and divisive challenges. Contrary to prevailing wisdom, he says, Asia's rise doesn't mean the demise of the West.Asia's rise over the past four decades is one of the most significant geopolitical and geoeconomic developments in world affairs as evinced by China's, and more recently, India's, accelerated economic growth. Yet the conventional narrative of Asia's rise is incomplete, if not misleading, given the fundamental dichotomy that defines contemporary Asia: a region with unparalleled economic success but also home to the world's most dangerous, diverse, and divisive security, military, and political challenges. How the strategically consequential Asian states manage to ameliorate or even overcome traditional geopolitical tinderboxes across the Taiwan Strait, the Korean Peninsula, and the Indian subcontinent and new zones of strategic competition such as the South China Sea is to going to have a profound impact on the shaping of regional order well into the 21st century. 606 $aNational security$zAsia 607 $aAsia$xForeign relations$y21st century 607 $aAsia$xMilitary policy 607 $aAsia$xPolitics and government$y21st century 608 $aElectronic books. 615 0$aNational security 676 $a355/.03305 700 $aLee$b Chung Min$0618222 801 0$bMiAaPQ 801 1$bMiAaPQ 801 2$bMiAaPQ 906 $aBOOK 912 $a9910465489203321 996 $aFault lines in a rising Asia$92490641 997 $aUNINA LEADER 01892nam 2200385 450 001 9910571762203321 005 20230515153724.0 035 $a(CKB)5860000000047295 035 $a(NjHacI)995860000000047295 035 $a(EXLCZ)995860000000047295 100 $a20230515d2015 uy 0 101 0 $aeng 135 $aur||||||||||| 181 $ctxt$2rdacontent 182 $cc$2rdamedia 183 $acr$2rdacarrier 200 00$aPan European Voice Conference abstract book $ePEVOC 11 : August 31 - September 2, 2015, Firenze, Italy /$fa cura di Claudia Manfredi 210 1$aFirenze, Italy :$cFirenze University Press,$d[2015] 210 4$dİ2015 215 $a1 online resource (xix, 265 pages) $cillustrations 225 1 $aProceedings e report ;$v104 311 $a88-927-3332-X 330 $aThe Pan European VOice Conference (PEVOC) was born in 1995 and therefore in 2015 it celebrates the 20th anniversary of its establishment: an important milestone that clearly expresses the strength and interest of the scientific community for the topics of this conference. The most significant themes of PEVOC are singing pedagogy and art, but also occupational voice disorders, neurology, rehabilitation, image and video analysis. PEVOC takes place in different European cities every two years (www.pevoc.org). The PEVOC 11 conference includes a symposium of the Collegium Medicorum Theatri (www.comet collegium.com). 410 0$aProceedings e report (Firenze University Press) ;$v104. 517 $aPan European Voice Conference - PEVOC 11 606 $aSinging$xInstruction and study 615 0$aSinging$xInstruction and study. 676 $a783.043 702 $aManfredi$b Claudia 801 0$bNjHacI 801 1$bNjHacl 906 $aBOOK 912 $a9910571762203321 996 $aPan European Voice Conference abstract book$92950507 997 $aUNINA